Selección de bombas (Record no. 134082)

MARC details
000 -LEADER
campo de control de longitud fija 00797nam a2200229 i 4500
001 - NÚMERO DE CONTROL
campo de control 134082
003 - IDENTIFICADOR DE NÚMERO DE CONTROL
campo de control ES-MaACL
007 - CAMPO FIJO DE DESCRIPCIÓN FÍSICA--INFORMACIÓN GENERAL
campo de control de longitud fija t|
008 - DATOS DE LONGITUD FIJA--INFORMACIÓN GENERAL
campo de control de longitud fija 070905s1977 sp ||||1| spa d
100 1# - ENTRADA PRINCIPAL--NOMBRE DE PERSONA
Nombre de persona Warring, R. H.
9 (RLIN) 116131
245 10 - MENCIÓN DEL TÍTULO
Título Selección de bombas
Resto del título : sistemas y aplicaciones /
Mención de responsabilidad, etc. R. H. Warring ; traducción Ramón Berga Rosell, Alberto Oliart Furrellat, Luis Virto Albert.
250 ## - MENCION DE EDICION
Mención de edición 1ª ed.
260 ## - PUBLICACIÓN, DISTRIBUCIÓN, ETC.
Lugar de publicación, distribución, etc. Barcelona :
Nombre del editor, distribuidor, etc. Labor,
Fecha de publicación, distribución, etc. 1977.
300 ## - DESCRIPCIÓN FÍSICA
Extensión 362 p. ;
Dimensiones 20 cm.
490 1# - MENCIÓN DE SERIE
Mención de serie Nuevos manuales técnicos Labor ;
Designación de volumen o secuencia 27
700 1# - ENTRADA AGREGADA--NOMBRE PERSONAL
Nombre de persona Berga Rosell, Ramón.
9 (RLIN) 27917
700 1# - ENTRADA AGREGADA--NOMBRE PERSONAL
Nombre de persona Oliart Furrellat, Alberto.
9 (RLIN) 86714
700 1# - ENTRADA AGREGADA--NOMBRE PERSONAL
Nombre de persona Virto Albert, Luis.
9 (RLIN) 115468
830 0# - PUNTO DE ACCESO ADICIONAL DE SERIE-TÍTULO UNIFORME
Título uniforme Nuevos manuales técnicos Labor ;
Designación de volumen o secuencia 27
9 (RLIN) 181525
852 ## - LOCALIZACIÓN
Ubicación ES-MaACL
Número de control de estantería L-9993
Sublocalización o colección R.112150
Holdings
Estatus retirado Estado de pérdida Estado de daño No para préstamo Biblioteca de origen Biblioteca actual Ubicación en estantería Fecha de adquisición Fuente de adquisición Total de préstamos Signatura topográfica completa Código de barras Visto por última vez Precio de reemplazo Tipo de ítem Koha
        Biblioteca del Ateneo de Madrid Biblioteca del Ateneo de Madrid Depósito 2 17/01/2008     L-9993 1139573 23/02/2023 23/02/2023 Libro impreso